Normal view MARC view
  • Rúas Araújo, José

Entry Nombre Personal

Number of records used in: 1

001 - NUMERO DE CONTROL

  • campo de control: 59214

003 - IDENTIFICADOR DE NUMERO DE CONTROL

  • campo de control: DLC

005 - FECHA Y HORA DE LA ÜLTIMA TRANSACCIÓN

  • campo de control: 20260406151759.0

008 - DATOS DE LONGITUD FIJA

  • campo de control de longitud fija: 130927n| acnnnaabn a aaa

010 ## - NÚMERO DE CONTROL DE LA BIBLIOTECA DEL CONGRESO

  • Número de control LC: n 2013060982

040 ## - FUENTE DE CATALOGACIÓN

  • Agencia original de catalogación: DLC
  • Lenguaje de catalogación: spa
  • Agencia de transcripción: DLC
  • Description conventions: rda
  • Agencia que lo modifica: MX-MxUPN

100 1# - ENCABEZAMIENTO - NOMBRE PERSONAL

  • Nombre personal: Rúas Araújo, José

400 1# - VEÁSE - NOMBRE DE PERSONA

  • Personal name: Araújo, José Rúas

670 ## - FUENTE EN LA QUE SE LOCALIZARON DATOS

  • Cita de la fuente: Manual del candidato electoral, 2011:
  • Información localizada: portada (José Rúas Araújo) cubierta (professor of electoral and institutional communication, Universidad de Vigo)

670 ## - FUENTE EN LA QUE SE LOCALIZARON DATOS

  • Cita de la fuente: Contra la desinformación, [2023] :
  • Información localizada: cubierta (José Rúas Araújo)
  • Uniform Resource Identifier: http://hdl.handle.net/11093/6799

902 ## - CATALOGADOR

  • Catalogador: VíctorGodínez/060426